000 00351nam a22001457a 4500
008 210310b ||||| |||| 00| 0 eng d
020 _a047108607X
041 _aeng
080 _22nd
_a330.101.541
082 _a330.101.541
100 _a52
101 _aMAKRO
245 _aPrinciples Engineering Economic Analysis
_cWhite, J. A
942 _2udc
_cBK
999 _c56170
_d56170